[Event "Prince Mohammed 17th"]
[Site "Zarga"]
[Date "2009.10.14"]
[Round "14"]
[White "Kruppa, Yuri"]
[Black "Mansour, Sameer"]
[Result "1-0"]
[WhiteElo "2557"]
[BlackElo "2293"]
[PlyCount "55"]
[EventDate "2009.10.05"]
[EventType "tourn"]
[EventRounds "14"]
[EventCountry "JOR"]
[EventCategory "8"]
[SourceTitle "EXT 2022"]
[Source "ChessBase"]
[SourceDate "2021.10.06"]
[SourceVersion "1"]
[SourceVersionDate "2021.10.06"]
[SourceQuality "1"]

1. d4 Nf6 2. c4 g6 3. Nc3 d5 4. cxd5 Nxd5 5. e4 Nxc3 6. bxc3 Bg7 7. Bg5 c5 8. Rc1 0-0 9. Nf3 Bg4 10. d5 f5 11. Qb3 Kh8 12. Nd2 Nd7 13. f3 Bh5 14. Be2 h6 15. Be3 f4 16. Bf2 b6 17. g4 fxg3 18. hxg3 Ne5 19. g4 Bxg4 20. fxg4 Qd7 21. c4 Rxf2 22. Kxf2 Nxg4+ 23. Ke1 Bd4 24. Bxg4 Qxg4 25. Qh3 Qxh3 26. Rxh3 Kg7 27. Ke2 Be5 28. Rf1 1-0

[Event "Prince Mohammed 17th"]
[Site "Zarga"]
[Date "2009.10.12"]
[Round "11"]
[White "Kruppa, Yuri"]
[Black "Bajarani, Ilgar"]
[Result "1/2-1/2"]
[WhiteElo "2557"]
[BlackElo "2338"]
[PlyCount "83"]
[EventDate "2009.10.05"]
[EventType "tourn"]
[EventRounds "14"]
[EventCountry "JOR"]
[EventCategory "8"]
[SourceTitle "EXT 2022"]
[Source "ChessBase"]
[SourceDate "2021.10.06"]
[SourceVersion "1"]
[SourceVersionDate "2021.10.06"]
[SourceQuality "1"]

1. c4 Nf6 2. Nf3 g6 3. Nc3 Bg7 4. d4 0-0 5. e4 d6 6. Be2 e5 7. Be3 exd4 8. Nxd4 Re8 9. f3 Nc6 10. Qd2 Nh5 11. Rd1 Nxd4 12. Bxd4 Bxd4 13. Qxd4 Nf4 14. g3 Ne6 15. Qd2 b6 16. h4 Bb7 17. Kf2 a5 18. Rhe1 Qf6 19. Bf1 Nc5 20. Qf4 Kg7 21. Qxf6+ Kxf6 22. b3 Bc6 23. Nd5+ Bxd5 24. cxd5 Re5 25. Bb5 Kg7 26. Re3 Rf8 27. a3 f5 28. b4 axb4 29. axb4 Nb7 30. exf5 Rfxf5 31. Rc1 Rf7 32. f4 Rxe3 33. Kxe3 h5 34. Kd4 Re7 35. Ra1 Nd8 36. Ra8 Nf7 37. Re8 Rxe8 38. Bxe8 Nh6 39. Bd7 Kf6 40. Ke3 Nf5+ 41. Bxf5 gxf5 42. b5 1/2-1/2

[Event "Prince Mohammed 17th"]
[Site "Zarga"]
[Date "2009.10.10"]
[Round "8"]
[White "Kruppa, Yuri"]
[Black "Khader, Sami"]
[Result "1/2-1/2"]
[WhiteElo "2557"]
[BlackElo "2429"]
[PlyCount "51"]
[EventDate "2009.10.05"]
[EventType "tourn"]
[EventRounds "14"]
[EventCountry "JOR"]
[EventCategory "8"]
[SourceTitle "EXT 2022"]
[Source "ChessBase"]
[SourceDate "2021.10.06"]
[SourceVersion "1"]
[SourceVersionDate "2021.10.06"]
[SourceQuality "1"]

1. Nf3 Nf6 2. c4 e6 3. g3 d5 4. Bg2 Nbd7 5. b3 Be7 6. Bb2 0-0 7. 0-0 b6 8. e3 Bb7 9. Qe2 dxc4 10. bxc4 Nc5 11. d4 Na4 12. Nc3 Nxb2 13. Qxb2 c5 14. Rfd1 cxd4 15. exd4 Qc7 16. Nb5 Qb8 17. Rac1 Rc8 18. Qb3 a6 19. Nc3 Qc7 20. Ne2 Qd8 21. Ne5 Bxg2 22. Kxg2 Qc7 23. Ng1 Bd6 24. Ngf3 Rab8 25. Qe3 Qb7 26. Kg1 1/2-1/2

[Event "Prince Mohammed 17th"]
[Site "Zarga"]
[Date "2009.10.09"]
[Round "7"]
[White "Khader, Sami"]
[Black "Kruppa, Yuri"]
[Result "1/2-1/2"]
[WhiteElo "2429"]
[BlackElo "2557"]
[PlyCount "59"]
[EventDate "2009.10.05"]
[EventType "tourn"]
[EventRounds "14"]
[EventCountry "JOR"]
[EventCategory "8"]
[SourceTitle "EXT 2022"]
[Source "ChessBase"]
[SourceDate "2021.10.06"]
[SourceVersion "1"]
[SourceVersionDate "2021.10.06"]
[SourceQuality "1"]

1. d4 Nf6 2. c4 e6 3. Nc3 Bb4 4. e3 0-0 5. Nge2 d5 6. a3 Bd6 7. c5 Be7 8. b4 b6 9. Nf4 a5 10. Bb2 c6 11. Bd3 Ba6 12. 0-0 Nbd7 13. Re1 Bxd3 14. Nxd3 Qc7 15. Qe2 axb4 16. axb4 Qb7 17. Qc2 Rxa1 18. Rxa1 Ra8 19. Rxa8+ Qxa8 20. Qa4 Qxa4 21. Nxa4 b5 22. Nc3 Ne8 23. Ne2 Nc7 24. Nec1 Na6 25. Nb3 Bd8 26. Bc3 Kf8 27. f3 Bc7 28. Be1 Ke8 29. Bg3 Bxg3 30. hxg3 1/2-1/2

[Event "Nabokov Memorial 7th"]
[Site "Kiev"]
[Date "2009.04.17"]
[Round "4"]
[White "Sergeev, Vladimir"]
[Black "Kruppa, Yuri"]
[Result "1/2-1/2"]
[WhiteElo "2513"]
[BlackElo "2566"]
[PlyCount "31"]
[EventDate "2009.04.14"]
[EventType "tourn"]
[EventRounds "11"]
[EventCountry "UKR"]
[EventCategory "8"]
[SourceTitle "CBM 129 Extra"]
[Source "ChessBase"]
[SourceDate "2009.05.05"]
[SourceVersion "2"]
[SourceVersionDate "2009.05.20"]
[SourceQuality "1"]

1. Nf3 c5 2. b3 Nc6 3. c4 e5 4. Bb2 d6 5. e3 Nf6 6. h3 g6 7. Be2 Bg7 8. d3 0-0 9. a3 Ne8 10. Qd2 f5 11. b4 b6 12. b5 Ne7 13. a4 a6 14. Nc3 Nf6 15. e4 axb5 16. cxb5 1/2-1/2

[Event "ROM-chT"]
[Site "Eforie Nord"]
[Date "2008.09.09"]
[Round "9"]
[White "Varga, Zoltan"]
[Black "Kruppa, Yuri"]
[Result "0-1"]
[WhiteElo "2479"]
[BlackElo "2547"]
[PlyCount "64"]
[EventDate "2008.09.01"]
[EventType "team"]
[EventRounds "9"]
[EventCountry "ROU"]
[SourceTitle "CBM 126 Extra"]
[Source "ChessBase"]
[SourceDate "2008.11.05"]
[SourceVersion "1"]
[SourceVersionDate "2008.11.05"]
[SourceQuality "1"]

1. d4 Nf6 2. c4 g6 3. Nc3 Bg7 4. e4 d6 5. f3 0-0 6. Be3 e5 7. Nge2 c6 8. Qd2 Nbd7 9. 0-0-0 a5 10. g4 a4 11. h4 Qa5 12. h5 Nb6 13. Ng3 exd4 14. Bxd4 c5 15. Be3 a3 16. b3 Nxg4 17. fxg4 Qxc3+ 18. Qxc3 Bxc3 19. Rxd6 Nd7 20. Rg1 Re8 21. g5 Be5 22. Rd5 b6 23. Kc2 Nb8 24. b4 Na6 25. bxc5 bxc5 26. Rxc5 Nxc5 27. Bxc5 Be6 28. hxg6 hxg6 29. Bb4 Rec8 30. Bc3 Bxc3 31. Kxc3 Ra5 32. Nh1 Raa8 0-1

[Event "ROM-chT"]
[Site "Eforie Nord"]
[Date "2008.09.06"]
[Round "6"]
[White "Kruppa, Yuri"]
[Black "Balogh, Csaba"]
[Result "1/2-1/2"]
[WhiteElo "2547"]
[BlackElo "2624"]
[PlyCount "31"]
[EventDate "2008.09.01"]
[EventType "team"]
[EventRounds "9"]
[EventCountry "ROU"]
[SourceTitle "CBM 126 Extra"]
[Source "ChessBase"]
[SourceDate "2008.11.05"]
[SourceVersion "1"]
[SourceVersionDate "2008.11.05"]
[SourceQuality "1"]

1. d4 d5 2. c4 c6 3. Nc3 Nf6 4. e3 e6 5. Nf3 Nbd7 6. Bd3 dxc4 7. Bxc4 b5 8. Bd3 b4 9. Ne4 Nxe4 10. Bxe4 Bb7 11. 0-0 Bd6 12. Nd2 Qc7 13. h3 c5 14. Bxb7 Qxb7 15. Nc4 Be7 16. b3 1/2-1/2

[Event "ROM-chT"]
[Site "Eforie Nord"]
[Date "2008.09.05"]
[Round "5"]
[White "Parligras, Mircea Emilian"]
[Black "Kruppa, Yuri"]
[Result "1-0"]
[WhiteElo "2588"]
[BlackElo "2547"]
[PlyCount "39"]
[EventDate "2008.09.01"]
[EventType "team"]
[EventRounds "9"]
[EventCountry "ROU"]
[SourceTitle "CBM 126 Extra"]
[Source "ChessBase"]
[SourceDate "2008.11.05"]
[SourceVersion "1"]
[SourceVersionDate "2008.11.05"]
[SourceQuality "1"]

1. e4 e6 2. d4 d5 3. Nd2 c5 4. exd5 Qxd5 5. Ngf3 cxd4 6. Bc4 Qd6 7. 0-0 Nf6 8. Nb3 Nc6 9. Nbxd4 Nxd4 10. Nxd4 Bd7 11. b3 Rd8 12. Bb2 Qf4 13. g3 Qh6 14. Re1 Bc5 15. Nf5 Qh3 16. Nxg7+ Ke7 17. Qd4 Ne4 18. Qxe4 Bc6 19. Qh4+ Qxh4 20. Nf5+ 1-0

[Event "Amman tt"]
[Site "Amman"]
[Date "2008.06.26"]
[Round "6"]
[White "Kruppa, Yuri"]
[Black "Sarwat, Walaa"]
[Result "1-0"]
[WhiteElo "2543"]
[BlackElo "2390"]
[PlyCount "96"]
[EventDate "2008.06.21"]
[EventType "team"]
[EventRounds "8"]
[EventCountry "JOR"]
[SourceTitle "CBM 125 Extra"]
[Source "ChessBase"]
[SourceDate "2008.09.01"]
[SourceVersion "1"]
[SourceVersionDate "2008.09.01"]
[SourceQuality "1"]

1. d4 d5 2. c4 c6 3. e3 Nf6 4. Qc2 g6 5. Bd3 Bg7 6. Nf3 0-0 7. Nbd2 c5 8. dxc5 Na6 9. cxd5 Nxd5 10. Bxa6 Nb4 11. Qc4 Nxa6 12. 0-0 Be6 13. Qh4 h6 14. Nd4 Bd7 15. N4b3 Bb5 16. Re1 Rc8 17. Ne4 g5 18. Qh5 f5 19. Nc3 Be8 20. Qf3 Bc6 21. Qe2 Kh8 22. Bd2 e5 23. e4 Qe7 24. exf5 Rxf5 25. Nd4 Rff8 26. Nxc6 Rxc6 27. Ne4 Nxc5 28. Bb4 b6 29. Rad1 Qf7 30. b3 Rb8 31. Rc1 Rbc8 32. Bxc5 bxc5 33. Red1 Qe6 34. Rc4 Bf8 35. h3 R6c7 36. Qe3 Be7 37. Rdc1 Bd6 38. R1c2 Qg6 39. Rd2 Bf8 40. Qe2 Re8 41. Rdc2 Rec8 42. b4 Rd7 43. Nxc5 Rd5 44. Ne4 Rxc4 45. Rxc4 Qa6 46. Nc3 Rd8 47. b5 Qe6 48. Rc6 Qd7 1-0

[Event "Amman tt"]
[Site "Amman"]
[Date "2008.06.23"]
[Round "3"]
[White "Kruppa, Yuri"]
[Black "Miroshnichenko, Evgenij"]
[Result "1/2-1/2"]
[WhiteElo "2543"]
[BlackElo "2642"]
[PlyCount "27"]
[EventDate "2008.06.21"]
[EventType "team"]
[EventRounds "8"]
[EventCountry "JOR"]
[SourceTitle "CBM 125 Extra"]
[Source "ChessBase"]
[SourceDate "2008.09.01"]
[SourceVersion "1"]
[SourceVersionDate "2008.09.01"]
[SourceQuality "1"]

1. d4 Nf6 2. c4 e6 3. Nf3 b6 4. e3 Bb7 5. Bd3 d5 6. b3 Bd6 7. 0-0 0-0 8. Bb2 Nbd7 9. Nc3 a6 10. cxd5 exd5 11. Ne2 Qe7 12. Rc1 Ne4 13. Qc2 Rac8 14. Rfd1 1/2-1/2

[Event "Amman tt"]
[Site "Amman"]
[Date "2008.06.21"]
[Round "1"]
[White "Kruppa, Yuri"]
[Black "Shobaita, Talal"]
[Result "1-0"]
[WhiteElo "2543"]
[BlackElo "2166"]
[PlyCount "82"]
[EventDate "2008.06.21"]
[EventType "team"]
[EventRounds "8"]
[EventCountry "JOR"]
[SourceTitle "CBM 125 Extra"]
[Source "ChessBase"]
[SourceDate "2008.09.01"]
[SourceVersion "1"]
[SourceVersionDate "2008.09.01"]
[SourceQuality "1"]

1. d4 d6 2. Nf3 Nf6 3. c4 g6 4. Nc3 Bg7 5. e4 0-0 6. Be2 e5 7. Be3 Nc6 8. d5 Ne7 9. Nd2 Ne8 10. 0-0 f5 11. f3 f4 12. Bf2 g5 13. c5 h5 14. Nc4 Ng6 15. a4 Rf7 16. a5 Bf8 17. cxd6 Bxd6 18. Nb5 a6 19. Nbxd6 Nxd6 20. Nxd6 cxd6 21. Bb6 Qf6 22. Rc1 Qg7 23. h3 Nf8 24. Rc3 Bd7 25. Rc7 Qg6 26. Kf2 g4 27. hxg4 hxg4 28. Ke1 Rh7 29. Kd2 Rh2 30. Rg1 Bb5 31. Bxb5 gxf3 32. Bd3 fxg2 33. Kc1 Nh7 34. Rxb7 Rf8 35. Qf3 Kh8 36. Rc7 Rg8 37. Rc2 Ng5 38. Rcxg2 Nxf3 39. Rxh2+ Nxh2 40. Rxg6 Rxg6 41. Bxa6 f3 1-0

[Event "Nabokov Memorial 6th"]
[Site "Kiev"]
[Date "2008.04.11"]
[Round "9"]
[White "Golichenko, Ilja"]
[Black "Kruppa, Yuri"]
[Result "0-1"]
[WhiteElo "2353"]
[BlackElo "2543"]
[PlyCount "194"]
[EventDate "2008.04.04"]
[EventType "tourn"]
[EventRounds "11"]
[EventCountry "UKR"]
[EventCategory "7"]
[SourceTitle "CBM 123 Extra"]
[Source "ChessBase"]
[SourceDate "2008.05.06"]
[SourceVersion "1"]
[SourceVersionDate "2008.05.06"]
[SourceQuality "1"]

1. d4 d6 2. c4 e5 3. d5 Nd7 4. Nc3 a5 5. e4 Nc5 6. Bd3 Be7 7. Bc2 Bg5 8. Nge2 Bxc1 9. Nxc1 Nh6 10. Nd3 Nxd3+ 11. Bxd3 0-0 12. 0-0 f5 13. Qd2 f4 14. f3 g5 15. g4 Nf7 16. h3 h5 17. Rac1 Kg7 18. Kf2 Rh8 19. Rh1 Rh6 20. Rcg1 Bd7 21. Ke2 Qb8 22. Qe1 Qa7 23. Qf2 b6 24. Rh2 Rah8 25. Rgh1 R8h7 26. Kf1 Qb8 27. Kg1 Kf6 28. Be2 Ke7 29. Bd3 Qg8 30. Be2 Qe8 31. Bd3 Nh8 32. Bc2 Ng6 33. a4 Nh4 34. b3 Qh8 35. Bd3 Kd8 36. Be2 Ng6 37. Bf1 Kc8 38. Be2 Kb7 39. Bf1 Kb8 40. Be2 Be8 41. Bd1 Nf8 42. Be2 Nd7 43. Bd3 Nc5 44. Bc2 Bd7 45. Qg2 Na6 46. Qf2 Qc8 47. Qg2 Nb4 48. Bb1 Qh8 49. Qf2 Bc8 50. Qg2 Na6 51. Bd3 Nc5 52. Bc2 Bd7 53. Qf2 Ka8 54. Qg2 Qb8 55. Qf2 Na6 56. Qd2 Nb4 57. Qf2 Kb7 58. Bb1 Qc8 59. Kf1 Qh8 60. Kg1 c6 61. Qg2 Qc8 62. Qf2 Be8 63. Qd2 Rh8 64. Kf1 Qc7 65. h4 hxg4 66. hxg5 Rxh2 67. Rxh2 Rg8 68. fxg4 Rxg5 69. Rh8 Qe7 70. Qh2 Rxg4 71. Qh6 Ka6 72. dxc6 Bxc6 73. Rh7 Qg5 74. Qxg5 Rxg5 75. Nb5 Bb7 76. Nxd6 Bc6 77. Nb5 Bb7 78. Nc7+ Ka7 79. Nb5+ Ka6 80. Rh6 Rg3 81. Nc7+ Ka7 82. Nb5+ Ka6 83. Nc7+ Ka7 84. Nb5+ Kb8 85. Rh8+ Bc8 86. Nd6 Kc7 87. Nb5+ Kd7 88. Rh7+ Kd8 89. Rh8+ Ke7 90. Rxc8 Rxb3 91. Rc7+ Kf6 92. Ba2 Nxa2 93. Rc6+ Kg5 94. Rxb6 Nb4 95. Re6 Nd3 96. Nd6 f3 97. Kg1 f2+ 0-1

[Event "Nabokov Memorial 6th"]
[Site "Kiev"]
[Date "2008.04.10"]
[Round "8"]
[White "Kruppa, Yuri"]
[Black "Moliboga, Vladimir"]
[Result "1/2-1/2"]
[WhiteElo "2543"]
[BlackElo "2271"]
[PlyCount "49"]
[EventDate "2008.04.04"]
[EventType "tourn"]
[EventRounds "11"]
[EventCountry "UKR"]
[EventCategory "7"]
[SourceTitle "CBM 123 Extra"]
[Source "ChessBase"]
[SourceDate "2008.05.06"]
[SourceVersion "1"]
[SourceVersionDate "2008.05.06"]
[SourceQuality "1"]

1. d4 Nf6 2. c4 g6 3. Nc3 Bg7 4. e4 d6 5. Nf3 0-0 6. Be2 e5 7. Be3 Ng4 8. Bg5 f6 9. Bc1 f5 10. dxe5 Nxe5 11. exf5 Bxf5 12. Nd4 Nd3+ 13. Bxd3 Bxd4 14. Bxf5 Bxc3+ 15. bxc3 Rxf5 16. c5 d5 17. 0-0 Nc6 18. Be3 b5 19. Qe2 a6 20. a4 b4 21. cxb4 Nxb4 22. Bd2 a5 23. Rfd1 Qe8 24. Qg4 Nc6 25. Be3 1/2-1/2

[Event "UKR-ch Superfinal"]
[Site "Kiev"]
[Date "2008.01.24"]
[Round "11"]
[White "Kruppa, Yuri"]
[Black "Baklan, Vladimir"]
[Result "1/2-1/2"]
[WhiteElo "2543"]
[BlackElo "2647"]
[PlyCount "65"]
[EventDate "2008.01.24"]
[EventType "tourn (blitz)"]
[EventRounds "11"]
[EventCountry "UKR"]
[SourceTitle "CBM 122 Extra"]
[Source "ChessBase"]
[SourceDate "2008.03.04"]
[SourceVersion "1"]
[SourceVersionDate "2008.03.04"]
[SourceQuality "1"]

1. d4 Nf6 2. c4 e6 3. Nf3 b6 4. g3 Ba6 5. Qc2 c5 6. d5 exd5 7. cxd5 Bb7 8. Nc3 Be7 9. Bg2 Nxd5 10. 0-0 Nxc3 11. bxc3 Nc6 12. Rd1 0-0 13. Bf4 d5 14. e4 d4 15. e5 Qc8 16. cxd4 cxd4 17. Rac1 Nb4 18. Qb3 Qg4 19. Rxd4 a5 20. Bg5 Qe6 21. Qxe6 fxe6 22. Bxe7 Rxf3 23. Rd7 Be4 24. Bxf3 Bxf3 25. Bxb4 axb4 26. Rcc7 b3 27. Rxg7+ Kh8 28. Rxh7+ Kg8 29. Rcg7+ Kf8 30. Rf7+ Kg8 31. Rhg7+ Kh8 32. Rh7+ Kg8 33. Rhg7+ 1/2-1/2

[Event "UKR-ch Superfinal"]
[Site "Kiev"]
[Date "2008.01.24"]
[Round "7"]
[White "Kruppa, Yuri"]
[Black "Baryshpolets, Andrey"]
[Result "1-0"]
[WhiteElo "2543"]
[BlackElo "2389"]
[PlyCount "67"]
[EventDate "2008.01.24"]
[EventType "tourn (blitz)"]
[EventRounds "11"]
[EventCountry "UKR"]
[SourceTitle "CBM 122 Extra"]
[Source "ChessBase"]
[SourceDate "2008.03.04"]
[SourceVersion "1"]
[SourceVersionDate "2008.03.04"]
[SourceQuality "1"]

1. d4 Nf6 2. c4 g6 3. Nc3 Bg7 4. e4 d6 5. Nf3 0-0 6. Be2 e5 7. Be3 h6 8. 0-0 Ng4 9. Bc1 Nc6 10. d5 Ne7 11. Ne1 f5 12. Bxg4 fxg4 13. Be3 g5 14. c5 Bd7 15. Qb3 b6 16. cxd6 cxd6 17. a4 Ng6 18. Nb5 Rf6 19. Nd3 Nf4 20. Nb4 Qe7 21. Nc6 Qf7 22. Bxf4 Rxf4 23. Nxd6 Qf6 24. Nb5 Rxe4 25. Rae1 Rxe1 26. Rxe1 Rf8 27. Qc2 Bf5 28. Qd2 e4 29. d6 Bd7 30. Ne7+ Kh8 31. Nc3 Kh7 32. Qc2 Qd4 33. Rxe4 Qf6 34. Rf4+ 1-0

[Event "UKR-ch Superfinal"]
[Site "Kiev"]
[Date "2008.01.24"]
[Round "3"]
[White "Kruppa, Yuri"]
[Black "Kislinsky, Alexey"]
[Result "1/2-1/2"]
[WhiteElo "2543"]
[BlackElo "2432"]
[PlyCount "58"]
[EventDate "2008.01.24"]
[EventType "tourn (blitz)"]
[EventRounds "11"]
[EventCountry "UKR"]
[SourceTitle "CBM 122 Extra"]
[Source "ChessBase"]
[SourceDate "2008.03.04"]
[SourceVersion "1"]
[SourceVersionDate "2008.03.04"]
[SourceQuality "1"]

1. d4 Nf6 2. c4 c5 3. d5 e6 4. Nc3 exd5 5. cxd5 Bd6 6. Nf3 0-0 7. g3 Bc7 8. Bh3 d6 9. Bxc8 Qxc8 10. 0-0 h6 11. Kg2 Re8 12. Nd2 a6 13. a4 Nbd7 14. e4 Rb8 15. a5 Qd8 16. Qa4 Ne5 17. f3 Nd3 18. Nc4 Qd7 19. Qxd7 Nxd7 20. Rd1 N7e5 21. b3 Nxc1 22. Rdxc1 f6 23. Nd1 f5 24. exf5 Nd3 25. Rc3 Re2+ 26. Kf1 Re1+ 27. Kg2 Re2+ 28. Kf1 Re1+ 29. Kg2 Re2+ 1/2-1/2

[Event "ROM-chT"]
[Site "Predeal"]
[Date "2007.11.21"]
[Round "9"]
[White "Kruppa, Yuri"]
[Black "Nisipeanu, Liviu Dieter"]
[Result "1/2-1/2"]
[WhiteElo "2533"]
[BlackElo "2668"]
[PlyCount "23"]
[EventDate "2007.10.13"]
[EventType "team"]
[EventRounds "9"]
[EventCountry "ROU"]
[SourceTitle "EXT 2008"]
[Source "ChessBase"]
[SourceDate "2007.11.25"]
[SourceVersion "1"]
[SourceVersionDate "2007.11.25"]
[SourceQuality "1"]

1. d4 Nf6 2. c4 e6 3. g3 d5 4. Bg2 Be7 5. Nf3 0-0 6. 0-0 dxc4 7. Qc2 a6 8. Qxc4 b5 9. Qc2 Bb7 10. Bg5 Nbd7 11. Bxf6 Nxf6 12. Nbd2 1/2-1/2

[Event "ROM-chT"]
[Site "Predeal"]
[Date "2007.11.16"]
[Round "4"]
[White "Svetushkin, Dmitry"]
[Black "Kruppa, Yuri"]
[Result "0-1"]
[WhiteElo "2604"]
[BlackElo "2533"]
[PlyCount "83"]
[EventDate "2007.10.13"]
[EventType "team"]
[EventRounds "9"]
[EventCountry "ROU"]
[SourceTitle "EXT 2008"]
[Source "ChessBase"]
[SourceDate "2007.11.25"]
[SourceVersion "1"]
[SourceVersionDate "2007.11.25"]
[SourceQuality "1"]

1. e4 c5 2. Nf3 d6 3. Bb5+ Bd7 4. Bxd7+ Qxd7 5. c4 Nf6 6. Nc3 g6 7. d4 cxd4 8. Nxd4 Bg7 9. f3 0-0 10. Be3 Nc6 11. 0-0 a6 12. a4 e6 13. Rc1 Ne5 14. Qe2 d5 15. cxd5 exd5 16. f4 Nc4 17. e5 Ng4 18. Bf2 Nxf2 19. Qxf2 f6 20. e6 Qd6 21. b3 Ne5 22. Qd2 Nc6 23. f5 Ne7 24. Nce2 Rac8 25. g4 Kh8 26. Qd3 gxf5 27. gxf5 Bh6 28. Rxc8 Rxc8 29. Rf3 Qb4 30. Kg2 Bg5 31. Rg3 Bd2 32. Qf3 Be1 33. Rg4 Qd2 34. Kh1 Qh6 35. Qf4 Qxf4 36. Rxf4 Bb4 37. Rf1 Bd6 38. Rc1 Rg8 39. Rg1 Rc8 40. Rc1 Rg8 41. Rg1 Rc8 42. Rg2 0-1

[Event "ROM-chT"]
[Site "Predeal"]
[Date "2007.11.14"]
[Round "2"]
[White "Kruppa, Yuri"]
[Black "Vajda, Levente"]
[Result "0-1"]
[WhiteElo "2533"]
[BlackElo "2564"]
[PlyCount "110"]
[EventDate "2007.10.13"]
[EventType "team"]
[EventRounds "9"]
[EventCountry "ROU"]
[SourceTitle "EXT 2008"]
[Source "ChessBase"]
[SourceDate "2007.11.25"]
[SourceVersion "1"]
[SourceVersionDate "2007.11.25"]
[SourceQuality "1"]

1. d4 Nf6 2. c4 c5 3. d5 e5 4. Nc3 d6 5. e4 Be7 6. Nge2 a6 7. Ng3 h5 8. Be2 h4 9. Nf1 g6 10. a4 Nbd7 11. a5 Kf8 12. Ne3 Rb8 13. 0-0 Nh5 14. Bxh5 Rxh5 15. Nf5 b6 16. axb6 Nxb6 17. Nxe7 Qxe7 18. b3 Kg7 19. f4 exf4 20. Bxf4 Nd7 21. Ra2 h3 22. g3 Kg8 23. Raf2 Rh7 24. Qc2 Ne5 25. Bxe5 Qxe5 26. Nb1 Bd7 27. Qd3 f5 28. Nd2 Re8 29. Qe3 Rhe7 30. Qh6 Qg7 31. Qxg7+ Kxg7 32. Re2 fxe4 33. Re3 g5 34. Ra1 Bc8 35. Rae1 Bf5 36. Ra1 Ra7 37. g4 Bg6 38. Kf2 Rf8+ 39. Kg3 Raf7 40. Rae1 Rf2 41. R1e2 Rxe2 42. Rxe2 Rf4 43. Kxh3 Kf6 44. Kg3 Ke5 45. Re1 Kd4 46. h3 Kd3 47. Nf1 Rf3+ 48. Kg2 Kd4 49. Ra1 Rxb3 50. Rxa6 e3 51. Ng3 Rb2+ 52. Kg1 Ke5 53. Ra8 Kf4 54. Nh5+ Bxh5 55. gxh5 Rb1+ 0-1

[Event "Platonov Memorial 5th"]
[Site "Kiev"]
[Date "2007.02.05"]
[Round "4"]
[White "Vysochin, Spartak"]
[Black "Kruppa, Yuri"]
[Result "1-0"]
[WhiteElo "2526"]
[BlackElo "2531"]
[PlyCount "129"]
[EventDate "2007.02.03"]
[EventType "tourn"]
[EventRounds "9"]
[EventCountry "UKR"]
[EventCategory "8"]
[SourceTitle "CBM 116 Extra"]
[Source "ChessBase"]
[SourceDate "2007.03.07"]
[SourceVersion "1"]
[SourceVersionDate "2007.03.07"]
[SourceQuality "1"]

1. e4 e6 2. d4 d5 3. Nd2 c5 4. exd5 Qxd5 5. Ngf3 cxd4 6. Bc4 Qd6 7. Qe2 Be7 8. Ne4 Qb6 9. Bf4 Nf6 10. 0-0-0 Nbd7 11. Nxd4 Nxe4 12. Qxe4 0-0 13. Rhe1 a6 14. c3 Nf6 15. Qf3 Re8 16. h3 Bd7 17. Be3 Qc7 18. Bb3 a5 19. Bf4 Qb6 20. Be3 Qa6 21. a4 b5 22. axb5 Bxb5 23. Ba2 a4 24. Nxb5 Qxb5 25. Qe2 Qb7 26. Qf3 Qa6 27. Qe2 Qa5 28. Rd4 Rab8 29. Qc2 a3 30. b4 Qa8 31. Bf4 Rbc8 32. f3 Nd5 33. Bxd5 exd5 34. Be5 Bd6 35. f4 f6 36. Qa2 Kh8 37. Qxd5 Qxd5 38. Rxd5 Bf8 39. Kd2 fxe5 40. fxe5 Ra8 41. Kc2 g6 42. Kb3 Bg7 43. Ka2 Ra7 44. Re3 Kg8 45. c4 Ra4 46. Rb5 Rea8 47. c5 Bh6 48. Rd3 R4a6 49. Rd6 R6a7 50. Rdb6 Bf4 51. Rb8+ Rxb8 52. Rxb8+ Kf7 53. b5 Bxe5 54. Rc8 Bb2 55. b6 Re7 56. Rc7 Be5 57. Rc8 Bb2 58. c6 Re2 59. c7 Bc1+ 60. Kb3 Rb2+ 61. Kc3 Rxb6 62. Rf8+ Kg7 63. c8Q Bb2+ 64. Kc2 a2 65. Rf1 1-0

[Event "Platonov Memorial 5th"]
[Site "Kiev"]
[Date "2007.02.04"]
[Round "3"]
[White "Kruppa, Yuri"]
[Black "Pavlov, Sergey1111"]
[Result "0-1"]
[WhiteElo "2531"]
[BlackElo "2414"]
[PlyCount "87"]
[EventDate "2007.02.03"]
[EventType "tourn"]
[EventRounds "9"]
[EventCountry "UKR"]
[EventCategory "8"]
[SourceTitle "CBM 116 Extra"]
[Source "ChessBase"]
[SourceDate "2007.03.07"]
[SourceVersion "1"]
[SourceVersionDate "2007.03.07"]
[SourceQuality "1"]

1. d4 Nf6 2. c4 e6 3. Nf3 b6 4. Nc3 Bb7 5. a3 d5 6. cxd5 Nxd5 7. Qc2 Be7 8. e4 Nxc3 9. bxc3 0-0 10. Bd3 c5 11. Bb2 Qc8 12. e5 h6 13. Qe2 cxd4 14. Nxd4 Nd7 15. 0-0 Nc5 16. Bc2 Rd8 17. c4 a6 18. Qg4 Rd7 19. Rfe1 Qd8 20. Rad1 Bf8 21. h4 g6 22. h5 Qg5 23. Qxg5 hxg5 24. hxg6 Rad8 25. gxf7+ Kxf7 26. Kh2 Bg7 27. Kh3 Rh8+ 28. Kg3 g4 29. f4 gxf3 30. Nxf3 Rg8 31. Rxd7+ Nxd7 32. Kf2 Rh8 33. Be4 Bxe4 34. Rxe4 Nc5 35. Rf4+ Ke7 36. Ke2 Rh1 37. Bd4 Nd7 38. Rg4 Bf8 39. Ne1 Kf7 40. Rf4+ Ke8 41. Bb2 Nc5 42. Bc3 a5 43. Bd2 Nb3 44. Be3 0-1

[Event "Kiev Independence Cup-A 6th"]
[Site "Kiev"]
[Date "2006.08.23"]
[Round "11"]
[White "Zontakh, Andrey"]
[Black "Kruppa, Yuri"]
[Result "1/2-1/2"]
[WhiteElo "2555"]
[BlackElo "2540"]
[PlyCount "51"]
[EventDate "2006.08.13"]
[EventType "swiss"]
[EventRounds "11"]
[EventCountry "UKR"]
[SourceTitle "CBM 113 Extra"]
[Source "ChessBase"]
[SourceDate "2006.09.14"]
[SourceVersion "1"]
[SourceVersionDate "2006.09.14"]
[SourceQuality "1"]

1. e4 e6 2. d4 d5 3. Nc3 Bb4 4. e5 c5 5. a3 Bxc3+ 6. bxc3 Nc6 7. Qg4 g6 8. Qd1 Qa5 9. Bd2 Qa4 10. Nf3 c4 11. h4 h6 12. g3 Bd7 13. Bg2 0-0-0 14. Qc1 Kb8 15. 0-0 Ka8 16. Rb1 Rc8 17. Nh2 Nce7 18. Qb2 Bc6 19. Qa2 Re8 20. Rb4 Qa5 21. a4 Nc8 22. Ng4 Nb6 23. Ra1 Rc8 24. Qa3 Rh7 25. Ra2 Rh8 26. Ra1 1/2-1/2